[Event "Baku op"]
[Site "Baku"]
[Date "2024.07.04"]
[Round "6"]
[White "Rustamov, Rustam"]
[Black "Saravana, Krishnan P"]
[Result "1/2-1/2"]
[WhiteElo "2285"]
[BlackElo "2236"]
[PlyCount "132"]
[EventDate "2024.06.29"]
[EventType "swiss"]
[EventRounds "9"]
[EventCountry "AZE"]
[SourceTitle "CBM 221 Extra"]
[Source "ChessBase"]
[SourceDate "2024.09.30"]
[SourceVersion "1"]
[SourceVersionDate "2024.09.30"]
[SourceQuality "1"]

1. e4 e6 2. d4 d5 3. Nd2 a6 4. Ngf3 c5 5. dxc5 Bxc5 6. Bd3 Nc6 7. 0-0 Nf6 8. c3 Qc7 9. exd5 Nxd5 10. Ne4 Be7 11. Ng3 Bd7 12. a4 h5 13. Qc2 h4 14. Ne2 Bf6 15. Bd2 Ne5 16. Be4 Nxf3+ 17. Bxf3 h3 18. g3 Bc6 19. Nd4 Bxd4 20. cxd4 Qd7 21. Rfc1 Ne7 22. Qd3 Bxf3 23. Qxf3 Qd5 24. Qxd5 Nxd5 25. Kf1 Kd7 26. f3 f5 27. Ke2 Rag8 28. b4 Rc8 29. Kd3 Rhg8 30. Rxc8 Rxc8 31. Rg1 Ke7 32. Ra1 b6 33. Rg1 b5 34. axb5 axb5 35. g4 Kf6 36. Rg3 Rh8 37. gxf5 exf5 38. Bg5+ Kf7 39. Bd2 g6 40. Kc2 Ne7 41. Kd3 Nd5 42. Kc2 Nb6 43. Kd3 Nc4 44. Bc3 Rh5 45. Rg1 Rh4 46. Ra1 Rf4 47. Ra7+ Ke6 48. Ke2 g5 49. Rh7 g4 50. fxg4 fxg4 51. Rh5 Nb6 52. Rh6+ Kd5 53. Rxb6 g3 54. Rxb5+ Kc4 55. Rc5+ Kb3 56. hxg3 Rh4 57. gxh4 h2 58. Ke3 h1Q 59. h5 Qh3+ 60. Ke4 Qg4+ 61. Kd5 Qxh5+ 62. Kc6 Qe8+ 63. Kb6 Qb8+ 64. Kc6 Qe8+ 65. Kb6 Qb8+ 66. Kc6 Qe8+ 1/2-1/2

[Event "Baku op"]
[Site "Baku"]
[Date "2024.06.29"]
[Round "1"]
[White "Saravana, Krishnan P"]
[Black "Gokerkan, Cem Kaan"]
[Result "1-0"]
[WhiteElo "2236"]
[BlackElo "2512"]
[PlyCount "69"]
[EventDate "2024.06.29"]
[EventType "swiss"]
[EventRounds "9"]
[EventCountry "AZE"]
[SourceTitle "CBM 221 Extra"]
[Source "ChessBase"]
[SourceDate "2024.09.30"]
[SourceVersion "1"]
[SourceVersionDate "2024.09.30"]
[SourceQuality "1"]

1. e4 c5 2. Nf3 d6 3. d4 cxd4 4. Nxd4 Nf6 5. Nc3 a6 6. Be3 e6 7. g4 e5 8. Nf5 g6 9. g5 gxf5 10. exf5 d5 11. Qf3 d4 12. 0-0-0 Nbd7 13. gxf6 dxc3 14. Bg5 h6 15. Bc4 Qb6 16. Bxf7+ Kd8 17. Qxc3 Qc5 18. Qh3 Kc7 19. Rd3 Qb6 20. Be6 Bb4 21. Be3 Nc5 22. Rd5 Qc6 23. Rhd1 Nxe6 24. Qg3 Kb8 25. fxe6 Qxe6 26. f7 Rf8 27. Rxe5 Qg4 28. Qxg4 Bxg4 29. Rd4 Bc8 30. Rxb4 Rxf7 31. Bb6 a5 32. Rc4 Ra6 33. Re8 Rxb6 34. Rcxc8+ Ka7 35. Ra8# 1-0